000 02281nam a2200397 i 4500
001 ebr10851643
003 CaPaEBR
006 m o d
007 cr cn|||||||||
008 140407t20002000paua ob 001 0 eng d
020 _z9781118000380
020 _a9781118787960 (e-book)
040 _aCaPaEBR
_beng
_erda
_epn
_cCaPaEBR
035 _a(OCoLC)861755507
050 1 4 _aTA417.7.H55
_b.F38 2000eb
082 0 4 _a620.1/126
_221
245 0 0 _aFatigue and fracture behavior of high temperature materials :
_bproceedings of a symposium sponsored by the Structural Materials Division (SMD) of TMS (the Minerals, Metals & Materials Society), held at the 2000 TMS Fall Meeting in St. Louis, Missouri, USA, October 8-12, 2000 /
_cedited by Peter K. Liaw.
264 1 _aWarrendale, Pennsylvania :
_bThe Minerals, Metals & Society Society,
_c2000.
264 4 _c�2000
300 _a1 online resource (119 pages) :
_billustrations
336 _atext
_2rdacontent
337 _acomputer
_2rdamedia
338 _aonline resource
_2rdacarrier
504 _aIncludes bibliographical references and index.
590 _aElectronic reproduction. Palo Alto, Calif. : ebrary, 2014. Available via World Wide Web. Access may be limited to ebrary affiliated libraries.
650 0 _aMaterials at high temperatures
_vCongresses.
650 0 _aMaterials
_xFatigue
_vCongresses.
650 0 _aFracture mechanics
_vCongresses.
655 0 _aElectronic books.
700 1 _aiaw, P. K.
_q(Peter K.),
_eeditor.
710 2 _aMinerals, Metals and Materials Society.
_bStructural Materials Division.
710 2 _aMinerals, Metals and Materials Society.
_bFall Meeting
_d(2000 :
_cSaint Louis, Missouri)
776 0 8 _iPrint version:
_tFatigue and fracture behavior of high temperature materials : proceedings of a symposium sponsored by the Structural Materials Division (SMD) of TMS (the Minerals, Metals & Materials Society), held at the 2000 TMS Fall Meeting in St. Louis, Missouri, USA, October 8-12, 2000.
_dWarrendale, Pennsylvania : The Minerals, Metals & Society Society, c2000
_hvii, 99 pages
_z9781118000380
_w2002510353
797 2 _aebrary.
856 4 0 _uhttp://site.ebrary.com/lib/rucke/Doc?id=10851643
_zAn electronic book accessible through the World Wide Web; click to view
999 _c97903
_d97903